000 00528nam a22001937a 4500
003 OSt
005 20161104131155.0
008 161104b xxu||||| |||| 00| 0 eng d
020 _a9780321545930
040 _cDDC.
082 _a500.2HEW 2008.
100 _aHewitt,G.Paul;Suchocki,John;Hewitt,A.Leslie;
_911264
245 _aConceptual Physical science;
250 _a4th ed.
300 _axix,770p;
_bcol,ill;
_c27cm.
504 _aincludes glossary and index.
650 _aPhysical science.
_911265
942 _2ddc
_cO_SHELF
999 _c5383
_d5383